000 00587nam a2200217Ia 4500
003 OSt
005 20220928141352.0
006 a|||||r|||| 00| 0
007 ta
008 220927b |||||||| |||| 00| 0 eng d
024 _a14626
037 _cTextual
040 _aSDCL
_cSDCL
_beng
041 _2eng
_aeng
082 _aX:8:(S:44), L3
100 _aTarr Graham
_9499819
245 0 _aManagement of problem-solving
_b Positive results from productive thinking
260 _c1973
942 _hX:8:(S:44), L3
_cTEXL
_2CC
999 _c817035
_d817035